Statistics for Countries with Megacities (with a map)

Click here to take the quiz!

General Stats

  • This quiz has been taken 1,366 times
    (1,175 since last reset)
  • The average score is 21 of 23

Answer Stats

# City Country % Correct
2New York City, Los AngelesUnited States
100%
5Delhi, Mumbai, Kolkata, Bengaluru, ChennaiIndia
100%
5Guangzhou, Shanghai, Beijing, Tianjin, XiamenChina
99%
2São Paulo, Rio de JaneiroBrazil
99%
1MoscowRussia
98%
1LondonUnited Kingdom
97%
1ParisFrance
97%
1Mexico CityMexico
96%
3Tokyo, Osaka, NagoyaJapan
95%
1JakartaIndonesia
93%
1Buenos AiresArgentina
93%
1CairoEgypt
91%
1JohannesburgSouth Africa
90%
2Karachi, LahorePakistan
89%
1TehranIran
89%
1IstanbulTurkey
87%
1LagosNigeria
86%
1KinshasaD.R. Congo
84%
1BangkokThailand
83%
1SeoulSouth Korea
82%
1ManilaPhilippines
78%
1LimaPeru
74%
1DhakaBangladesh
73%

Score Distribution

Percentile by Number Answered

Percent of People with Each Score

Your Score History

You have not taken this quiz since the last reset